000 00637nam a22002297a 4500
003 UA-OsUOA
001 230
007 ta
008 20050525b un ||||| |||| 00| 0 ukr d
100 _aМоруа А.
090 _a821.133.1
_bМ80
942 _cBK
040 _aUA-OsUOA
_brus
_cUA-OsUOA
_dUA-OsUOA
245 _aПрометей или жизнь Бальзака
_cПер с фр. Я. Лесюка
300 _a528 с.
955 _a3
041 _arus
080 _a821.133.1
260 _aК.
_bВища школа
_c1987
650 7 _a82 Література. Літературознавство
_2UDC
999 _c286394
_d286394